Enciclopedia de la fábula
Saved in:
| Main Authors: | , |
|---|---|
| Format: | Bog |
| Sprog: | spansk |
| Udgivet: |
Ciudad de México
UTEHA
1959
|
| Fag: | |
| Tags: |
Tilføj Tag
Ingen Tags, Vær først til at tagge denne postø!
|
MARC
| LEADER | 00000nam a2200000 a 4500 | ||
|---|---|---|---|
| 001 | UCT3491 | ||
| 003 | CL-VaPUC | ||
| 008 | 961024e19590000MX |||||||||||||||||spa|d | ||
| 082 | 0 | 4 | |a 398.23 |b PAL |2 21 |
| 100 | |a Palazzi, Fernando |e autor |9 372422 | ||
| 700 | 0 | |a Valverde, José María |e author |9 372423 | |
| 245 | 1 | 0 | |a Enciclopedia de la fábula |
| 300 | |a v | ||
| 942 | |c BK | ||
| 945 | |d 19961024 00:00:00 |a paguirre | ||
| 260 | |a Ciudad de México |b UTEHA |c 1959 | ||
| 500 | |a v.1: Fábulas clásicas, mitológicas y regiones italianas | ||
| 500 | |a v.3: Fábulas y leyendas de la Europa occidental | ||
| 500 | |a v.4: Fábulas y leyendas del Asia | ||
| 650 | 0 | |a Formas y géneros literarios |9 324031 | |
| 650 | 0 | |a Mitología |9 255719 | |
| 650 | 0 | |a Literatura folklórica |9 306605 | |
| 650 | 0 | |a Literatura |9 259151 | |
| 650 | 7 | |a FOLKLORE |2 CL-VaPUC |9 268291 | |
| 583 | |a last modification |c 19961024 00:00:00 |k Rodrigo Vera | ||
| 999 | |c 253121 |d 253119 | ||